000 00309 a2200109 4500
001 ART_39607
005 20260410162000.0
008 260409a
245 1 0 _aUnión Europea y Mercosur
100 1 _aFernández Albor, Gerardo
773 0 _tPropuestas
_g- Año 2, Nº 4 (nov. 1996)
_wREV28258
999 _c31225
_d31225